Top 50 Albums from the 1950s - Statistics

General Stats
  • This quiz has been taken 8 times
  • The average score is 6 of 50
Answer Stats
Artist Album % Correct
#1: Miles Davis Kind of Blue
80%
#39: Little Richard Here's Little Richard
60%
#10: Thelonious Monk Brilliant Corners
40%
#35: Marty Robbins Gunfighter Ballads and Trail Songs
40%
#36: Billie Holiday with Ray Ellis and His Orchestra Lady in Satin
40%
#28: Little Richard Little Richard
40%
#2: Charles Mingus Mingus Ah Um
40%
#3: John Coltrane Blue Train
20%
#38: Ella Fitzgerald & Louis Armstrong Ella and Louis
20%
#32: Frank Sinatra Frank Sinatra Sings for Only the Lonely
20%
#31: Billie Holiday Lady Sings the Blues
20%
#16: Nina Simone Little Girl Blue
20%
#20: Miles Davis Milestones
20%
#12: Thelonious Monk Septet Monk's Music
20%
#13: Miles Davis 'Round About Midnight
20%
#8: Sonny Rollins Saxophone Colossus
20%
#9: Cannonball Adderley Somethin' Else
20%
#41: Charles Mingus The Clown
20%
#4: Ornette Coleman The Shape of Jazz to Come
20%
#6: The Dave Brubeck Quartet Time Out
20%
#5: Art Blakey and the Jazz Messengers Art Blakey and the Jazz Messengers [Moanin']
0%
#14: Miles Davis Ascenseur pour L'Échafaud
0%
#48: Clifford Brown & Max Roach At Basin Street
0%
#30: João Gilberto Chega de Saudade
0%
#49: Chet Baker Chet Baker Sings
0%
#17: Clifford Brown and Max Roach Clifford Brown and Max Roach
0%
#25: Chicago Symphony Orchestra / Fritz Reiner Concerto for Orchestra
0%
#45: RCA Victor Symphony Orchestra / Kirill Kondrashin / Van Cliburn Concerto No. 1
0%
#40: The Miles Davis Quintet Cookin' With the Miles Davis Quintet
0%
#22: Sonny Clark Cool Struttin'
0%
#42: Vienna Philharmonic / Georg Solti / George London / Kirsten Flagstad / Set Svanholm / Gustav Neidlinger Das Rheingold
0%
#21: Ella Fitzgerald Ella Fitzgerald Sings the Cole Porter Song Book
0%
#43: Ella Fitzgerald with Duke Ellington and His Orchestra Ella Fitzgerald Sings the Duke Ellington Song Book
0%
#34: Duke Ellington and His Orchestra Ellington Uptown
0%
#29: Berliner Philharmoniker / Ferenc Fricsay IX. Sinfonie; Egmont-Ouverture; Leonore III
0%
#7: New York Philharmonic / Leonard Bernstein Le Sacre du Printemps
0%
#46: Ravi Shankar Music of India: Three Classical Rāgas
0%
#23: Berlin Philharmonic Orchestra / Herbert von Karajan New World Symphony / The Moldau
0%
#15: The Charlie Mingus Jazz Workshop Pithecanthropus Erectus
0%
#47: The Miles Davis Quintet Relaxin' With the Miles Davis Quintet
0%
#19: Columbia Symphony Orchestra / New York Philharmonic / Leonard Bernstein Rhapsody in Blue; An American in Paris
0%
#37: Sarah Vaughan Sarah Vaughan
0%
#44: Frank Sinatra Songs for Swingin' Lovers!
0%
#33: Dizzy Gillespie, Sonny Stitt & Sonny Rollins Sonny Side Up
0%
#24: Clifford Brown and Max Roach Study in Brown
0%
#50: Lee Morgan The Cooker
0%
#11: Glenn Gould The Goldberg Variations
0%
#27: Wilhelm Furtwängler / Ludwig Suthaus / Kirsten Flagstad Tristan und Isolde
0%
#18: Bernard Herrmann Vertigo
0%
#26: The Miles Davis Quintet Workin' With the Miles Davis Quintet
0%
No matching quizzes found
Score Distribution
Percent of People with Each Score
Percentile by Number Answered
Your Score History
You have not taken this quiz